[Event "Oskarja Memorial 10th"]
[Site "Chess.com INT"]
[Date "2021.01.16"]
[Round "2"]
[White "Znidarcic, Andrej"]
[Black "Skuhala, Barbara"]
[Result "1-0"]
[WhiteElo "2154"]
[BlackElo "2156"]
[PlyCount "121"]
[EventDate "2021.01.16"]
[EventType "swiss (blitz)"]
[EventRounds "15"]
[EventCountry "SLO"]
[SourceTitle "CBM 200 Extra"]
[Source "ChessBase"]
[SourceDate "2021.03.31"]
[SourceVersion "1"]
[SourceVersionDate "2021.03.31"]
[SourceQuality "1"]

1. e4 c5 2. Nf3 d6 3. d4 cxd4 4. c3 Nf6 5. Bd3 g6 6. cxd4 Bg7 7. 0-0 0-0 8. h3 b6 9. Nc3 Ba6 10. Bg5 Bxd3 11. Qxd3 h6 12. Be3 Nbd7 13. Qd2 a6 14. Bxh6 Bxh6 15. Qxh6 Nh7 16. Rfe1 e6 17. e5 d5 18. Ne2 Qe7 19. a3 Rfc8 20. Rac1 Qf8 21. Qh4 b5 22. Nf4 Nb6 23. Qg3 Qg7 24. b3 a5 25. Rc5 b4 26. a4 Nd7 27. Rcc1 Nhf8 28. Ng5 Nb6 29. Kh2 Nh7 30. Ngxe6 fxe6 31. Nxe6 Qf7 32. Nc5 Re8 33. Re3 g5 34. Rf3 Qg7 35. Re1 Nf8 36. Rf5 Nh7 37. Re3 Nd7 38. Nxd7 Qxd7 39. Ref3 Rf8 40. e6 Qg7 41. Rf7 Qg6 42. Rxf8+ Rxf8 43. Rxf8+ Kxf8 44. Qd6+ Kg7 45. Qd7+ Kg8 46. Qd8+ Kg7 47. Qxd5 Nf6 48. Qe5 Qe4 49. Qxg5+ Qg6 50. Qe5 Kf8 51. Qxa5 Qe4 52. Qxb4+ Kg7 53. Qd6 Qe2 54. b4 Qxf2 55. Qe5 Qb2 56. e7 Kf7 57. Qxf6+ Kxf6 58. e8Q Qxb4 59. Qe5+ Kf7 60. d5 Qxa4 61. d6 1-0

[Event "SLO-chT1 West"]
[Site "Slovenia"]
[Date "2018.10.28"]
[Round "9.4"]
[White "Petek, Primoz"]
[Black "Znidarcic, Andrej"]
[Result "1/2-1/2"]
[WhiteElo "2088"]
[BlackElo "2128"]
[PlyCount "75"]
[EventDate "2018.09.28"]
[EventType "team-tourn"]
[EventRounds "9"]
[EventCountry "SLO"]
[SourceTitle "CBM 187 Extra"]
[Source "ChessBase"]
[SourceDate "2018.11.04"]
[SourceVersion "1"]
[SourceVersionDate "2018.11.04"]
[SourceQuality "1"]
[WhiteTeam "Gorenjka Lesce"]
[BlackTeam "Piran"]
[WhiteTeamCountry "SLO"]
[BlackTeamCountry "SLO"]

1. c4 e6 2. g3 d5 3. Bg2 Nf6 4. d4 Be7 5. Nf3 0-0 6. 0-0 Nbd7 7. cxd5 exd5 8. Nc3 c6 9. b3 Re8 10. Bb2 Bd6 11. Rc1 Nf8 12. Na4 Ng6 13. Nc5 Rb8 14. Qc2 Qe7 15. Rfe1 Ne4 16. Nd2 f5 17. e3 Nxc5 18. dxc5 Be5 19. b4 Bxb2 20. Qxb2 Ne5 21. a4 Nd3 22. Qc3 Nxe1 23. Rxe1 g6 24. Nf3 a6 25. Nd4 Bd7 26. b5 axb5 27. axb5 Ra8 28. Rb1 Ra4 29. Bf1 Rea8 30. bxc6 Bxc6 31. Nxc6 bxc6 32. Rb6 Ra3 33. Qb4 Qf6 34. Rb7 Ra1 35. Qf4 Rf8 36. Qh6 Rf7 37. Rb8+ Rf8 38. Rb7 1/2-1/2

[Event "SLO-chT1 West"]
[Site "Slovenia"]
[Date "2018.10.26"]
[Round "7.3"]
[White "Znidarcic, Andrej"]
[Black "Brcar, Ales"]
[Result "1/2-1/2"]
[WhiteElo "2128"]
[BlackElo "2132"]
[PlyCount "79"]
[EventDate "2018.09.28"]
[EventType "team-tourn"]
[EventRounds "9"]
[EventCountry "SLO"]
[SourceTitle "CBM 187 Extra"]
[Source "ChessBase"]
[SourceDate "2018.11.04"]
[SourceVersion "1"]
[SourceVersionDate "2018.11.04"]
[SourceQuality "1"]
[WhiteTeam "Piran"]
[BlackTeam "Trebnje BMP"]
[WhiteTeamCountry "SLO"]
[BlackTeamCountry "SLO"]

1. e4 e5 2. Nf3 Nc6 3. Bc4 Bc5 4. 0-0 d6 5. h3 Nf6 6. d3 a6 7. a3 h6 8. Be3 Ba7 9. Bxa7 Rxa7 10. Nc3 0-0 11. d4 Ra8 12. Re1 Re8 13. dxe5 Nxe5 14. Nxe5 dxe5 15. Qxd8 Rxd8 16. Nd5 Be6 17. Nxf6+ gxf6 18. Bxe6 fxe6 19. Rad1 Kf7 20. Kf1 Ke7 21. c3 h5 22. h4 Rxd1 23. Rxd1 f5 24. Ke2 Rg8 25. g3 Rg4 26. exf5 exf5 27. Rd5 Re4+ 28. Kd2 c6 29. Rd3 Rg4 30. Ke2 f4 31. gxf4 exf4 32. Rh3 Ke6 33. Rh1 Kd5 34. b3 c5 35. Kf3 b5 36. Ra1 Kc6 37. Rh1 Kd5 38. Rd1+ Kc6 39. Rh1 Kd5 40. Rd1+ 1/2-1/2

[Event "Trieste op 18th"]
[Site "Trieste"]
[Date "2016.09.03"]
[Round "1"]
[White "Znidarcic, Andrej"]
[Black "Vovk, Andrey"]
[Result "0-1"]
[WhiteElo "2154"]
[BlackElo "2630"]
[PlyCount "54"]
[EventDate "2016.09.03"]
[EventType "swiss"]
[EventRounds "9"]
[EventCountry "ITA"]
[SourceTitle "CBM 174 Extra"]
[Source "ChessBase"]
[SourceDate "2016.10.10"]
[SourceVersion "1"]
[SourceVersionDate "2016.10.10"]
[SourceQuality "1"]

1. e4 c5 2. Nf3 Nc6 3. d4 cxd4 4. Nxd4 Nf6 5. Nxc6 bxc6 6. Bd3 g6 7. 0-0 d6 8. Nc3 Bg7 9. h3 Rb8 10. Rb1 0-0 11. Be3 Qc7 12. Qe2 e5 13. Bc4 Bb7 14. Qf3 d5 15. exd5 cxd5 16. Bxd5 e4 17. Bxe4 Nxe4 18. Nxe4 Qxc2 19. Nf6+ Kh8 20. Nd5 Rbd8 21. Nb4 Qxb1 22. Rxb1 Bxf3 23. gxf3 Rd7 24. Nc6 a6 25. Nb4 Ra8 26. a3 a5 27. Nc6 Rd6 0-1

[Event "SLO-chT1 West"]
[Site "Ljubljana"]
[Date "2015.11.27"]
[Round "7"]
[White "Znidarcic, Andrej"]
[Black "Bedic, Slavko"]
[Result "1-0"]
[WhiteElo "2163"]
[BlackElo "1967"]
[PlyCount "79"]
[EventDate "2015.10.16"]
[EventType "team-tourn"]
[EventRounds "9"]
[EventCountry "SLO"]
[SourceTitle "EXT 2019"]
[Source "ChessBase"]
[SourceDate "2018.10.10"]
[SourceVersion "1"]
[SourceVersionDate "2018.10.10"]
[SourceQuality "1"]
[WhiteTeam "Piran"]
[BlackTeam "Stari Trg op Kolpi"]
[WhiteTeamCountry "SLO"]
[BlackTeamCountry "SLO"]

1. e4 c5 2. Nf3 d6 3. d4 cxd4 4. c3 dxc3 5. Nxc3 e6 6. Bc4 a6 7. a4 Be7 8. 0-0 Nc6 9. Bf4 Nf6 10. h3 0-0 11. Qe2 Qa5 12. Rfd1 Rd8 13. Bd2 Qc7 14. Rac1 Qb8 15. Bf4 Ne5 16. Bb3 Bd7 17. Nd4 Be8 18. Be3 Nc6 19. Nxc6 bxc6 20. Bc4 a5 21. Bf4 e5 22. Bg5 Qb7 23. Rd2 Rd7 24. Rcd1 Rad8 25. g3 Kf8 26. Qf3 h6 27. Be3 Kg8 28. Kh2 Kh7 29. Qf5+ g6 30. Qf3 Kg7 31. Qg2 Nh5 32. f4 exf4 33. gxf4 Nf6 34. Bd4 Qb4 35. Ba2 c5 36. Nd5 Qxa4 37. b3 Qc6 38. Bc3 a4 39. Qg3 Rb7 40. bxa4 1-0

[Event "SLO-chT1 West"]
[Site "Ljubljana"]
[Date "2015.10.18"]
[Round "3"]
[White "Petrovic, Nejc"]
[Black "Znidarcic, Andrej"]
[Result "1/2-1/2"]
[WhiteElo "1960"]
[BlackElo "2163"]
[PlyCount "97"]
[EventDate "2015.10.16"]
[EventType "team-tourn"]
[EventRounds "9"]
[EventCountry "SLO"]
[SourceTitle "EXT 2019"]
[Source "ChessBase"]
[SourceDate "2018.10.10"]
[SourceVersion "1"]
[SourceVersionDate "2018.10.10"]
[SourceQuality "1"]
[WhiteTeam "Gorenjka Lesce"]
[BlackTeam "Piran"]
[WhiteTeamCountry "SLO"]
[BlackTeamCountry "SLO"]

1. e4 e5 2. Nf3 Nc6 3. Bb5 a6 4. Ba4 Nf6 5. 0-0 b5 6. Bb3 Be7 7. Re1 0-0 8. c3 d6 9. h3 Na5 10. Bc2 c5 11. d3 h6 12. Nbd2 Nh7 13. Nf1 Ng5 14. Nxg5 Bxg5 15. Ng3 Qf6 16. Bxg5 Qxg5 17. Re3 g6 18. Rf3 Kh7 19. Qc1 Qxc1+ 20. Rxc1 Be6 21. Ra1 Rab8 22. Re3 b4 23. c4 Nc6 24. Ba4 Nd4 25. Ne2 f5 26. f3 Nxe2+ 27. Rxe2 f4 28. h4 Kg7 29. Kf2 g5 30. hxg5 hxg5 31. Rh1 Rh8 32. Ree1 Kf6 33. Bd1 Bd7 34. Reg1 a5 35. Re1 a4 36. Be2 Rbg8 37. Reg1 Rh4 38. Rxh4 gxh4 39. Rh1 Kg5 40. Bd1 Ra8 41. Be2 a3 42. b3 Rg8 43. Bd1 Kh5 44. Be2 Rg3 45. Rh2 Kg5 46. Rh1 h3 47. Rh2 Kf6 48. gxh3 Bxh3 49. Bd1 1/2-1/2

[Event "SLO-chT1 West"]
[Site "Ljubljana"]
[Date "2014.10.04"]
[Round "2"]
[White "Znidarcic, Andrej"]
[Black "Ravnik, Franc"]
[Result "1-0"]
[WhiteElo "2137"]
[BlackElo "1933"]
[PlyCount "45"]
[EventDate "2014.10.03"]
[EventType "team-tourn"]
[EventRounds "9"]
[EventCountry "SLO"]
[SourceTitle "EXT 2019"]
[Source "ChessBase"]
[SourceDate "2018.10.10"]
[SourceVersion "1"]
[SourceVersionDate "2018.10.10"]
[SourceQuality "1"]
[WhiteTeam "Piran"]
[BlackTeam "Jesenice"]
[WhiteTeamCountry "SLO"]
[BlackTeamCountry "SLO"]

1. e4 c5 2. Nf3 d6 3. d4 cxd4 4. c3 Nf6 5. Bd3 dxc3 6. Nxc3 e5 7. 0-0 Be7 8. h3 0-0 9. Qe2 Nbd7 10. Be3 b6 11. Rfd1 Bb7 12. Bc2 Qc7 13. Rac1 Rad8 14. Nh4 Nc5 15. Nf5 g6 16. Nb5 Qd7 17. Nbxd6 gxf5 18. Bxc5 bxc5 19. Nxf7 Qc7 20. Nxd8 Rxd8 21. Rxd8+ Qxd8 22. exf5 Qd5 23. Bb3 1-0

[Event "SLO-chT1 West"]
[Site "Ljubljana"]
[Date "2013.10.25"]
[Round "7"]
[White "Semrl, Marjan"]
[Black "Znidarcic, Andrej"]
[Result "1/2-1/2"]
[WhiteElo "2114"]
[BlackElo "2135"]
[PlyCount "24"]
[EventDate "2013.09.27"]
[EventType "team-tourn"]
[EventRounds "9"]
[EventCountry "SLO"]
[SourceTitle "EXT 2019"]
[Source "ChessBase"]
[SourceDate "2018.10.10"]
[SourceVersion "1"]
[SourceVersionDate "2018.10.10"]
[SourceQuality "1"]
[WhiteTeam "Domzale"]
[BlackTeam "Piran"]
[WhiteTeamCountry "SLO"]
[BlackTeamCountry "SLO"]

1. d4 d5 2. Nf3 Nf6 3. e3 e6 4. Bd3 c5 5. 0-0 Bd6 6. b3 Nc6 7. Bb2 0-0 8. Nbd2 Qc7 9. c4 cxd4 10. exd4 a5 11. Rc1 Qe7 12. c5 Bf4 1/2-1/2

[Event "Nova Gorica op-A 18th"]
[Site "Nova Gorica"]
[Date "2013.01.27"]
[Round "4"]
[White "Znidarcic, Andrej"]
[Black "Zamar Kodelja, Jurij"]
[Result "1-0"]
[WhiteElo "2158"]
[BlackElo "1783"]
[PlyCount "67"]
[EventDate "2013.01.25"]
[EventType "swiss"]
[EventRounds "9"]
[EventCountry "SLO"]
[SourceTitle "CBM 152 Extra"]
[Source "ChessBase"]
[SourceDate "2013.02.25"]
[SourceVersion "1"]
[SourceVersionDate "2013.02.25"]
[SourceQuality "1"]

1. d4 Nf6 2. c4 g6 3. Nc3 Bg7 4. Nf3 0-0 5. e4 d6 6. Bd3 Nbd7 7. 0-0 e5 8. d5 Nc5 9. Bc2 a5 10. h3 Bd7 11. Be3 Na6 12. Qd2 Ne8 13. Nh2 f5 14. exf5 gxf5 15. f3 Kh8 16. Rad1 Rg8 17. Kh1 Nf6 18. g4 Qc8 19. Rg1 e4 20. Bd4 exf3 21. gxf5 Bxf5 22. Rxg7 Rxg7 23. Bxf6 Bxc2 24. Qh6 Qd7 25. Rg1 Rag8 26. Nxf3 Nc5 27. Nd4 Ne4 28. Nxe4 Bxe4+ 29. Kh2 Qf7 30. Ne6 Bg6 31. Qf4 Qe8 32. Bc3 b6 33. Qf6 Qd7 34. Rxg6 1-0

[Event "SLO-chT1 West"]
[Site "Ljubljana"]
[Date "2012.10.14"]
[Round "9.3"]
[White "Bratko, Ivan"]
[Black "Znidarcic, Andrej"]
[Result "1-0"]
[WhiteElo "2204"]
[BlackElo "2171"]
[PlyCount "53"]
[EventDate "2012.09.21"]
[EventType "team-tourn"]
[EventRounds "9"]
[EventCountry "SLO"]
[SourceTitle "EXT 2022"]
[Source "ChessBase"]
[SourceDate "2021.10.06"]
[SourceVersion "1"]
[SourceVersionDate "2021.10.06"]
[SourceQuality "1"]
[WhiteTeam "Domzale SD"]
[BlackTeam "Piran"]
[WhiteTeamCountry "SLO"]
[BlackTeamCountry "SLO"]

1. e4 e6 2. d4 d5 3. Nc3 Nf6 4. Bg5 Be7 5. Bxf6 Bxf6 6. e5 Be7 7. Qg4 g6 8. Nf3 c5 9. dxc5 Bxc5 10. Bd3 Nc6 11. h4 h6 12. 0-0 a6 13. a3 Qc7 14. Rfe1 b5 15. Qg3 Bb7 16. Ne2 Bf8 17. c3 Bg7 18. Ned4 Nxd4 19. cxd4 Qe7 20. h5 g5 21. Nh2 0-0 22. Ng4 Kh8 23. Rad1 f5 24. exf6 Bxf6 25. Bb1 Rae8 26. Nxh6 Qg7 27. Ng4 1-0

[Event "SLO-chT1 West"]
[Site "Ljubljana"]
[Date "2012.09.29"]
[Round "5.3"]
[White "Znidarcic, Andrej"]
[Black "Truta, Srecko"]
[Result "1/2-1/2"]
[WhiteElo "2171"]
[BlackElo "2190"]
[PlyCount "33"]
[EventDate "2012.09.21"]
[EventType "team-tourn"]
[EventRounds "9"]
[EventCountry "SLO"]
[SourceTitle "EXT 2022"]
[Source "ChessBase"]
[SourceDate "2021.10.06"]
[SourceVersion "1"]
[SourceVersionDate "2021.10.06"]
[SourceQuality "1"]
[WhiteTeam "Piran"]
[BlackTeam "Gorenjka Lesce"]
[WhiteTeamCountry "SLO"]
[BlackTeamCountry "SLO"]

1. e4 e5 2. Nf3 Nc6 3. Bc4 Nf6 4. d3 Bc5 5. 0-0 d6 6. Be3 Bb6 7. h3 h6 8. a4 0-0 9. Nc3 Ne7 10. a5 Bxe3 11. fxe3 c6 12. Qe2 Ng6 13. Qf2 Qe7 14. Nh4 Nxh4 15. Qxh4 Be6 16. Ba2 Rad8 17. Rf3 1/2-1/2

[Event "SLO-chT1 West"]
[Site "Ljubljana"]
[Date "2012.09.21"]
[Round "1.3"]
[White "Znidarcic, Andrej"]
[Black "Ogradi, Gregor"]
[Result "1/2-1/2"]
[WhiteElo "2171"]
[BlackElo "2077"]
[PlyCount "51"]
[EventDate "2012.09.21"]
[EventType "team-tourn"]
[EventRounds "9"]
[EventCountry "SLO"]
[SourceTitle "EXT 2022"]
[Source "ChessBase"]
[SourceDate "2021.10.06"]
[SourceVersion "1"]
[SourceVersionDate "2021.10.06"]
[SourceQuality "1"]
[WhiteTeam "Piran"]
[BlackTeam "Komenda SK"]
[WhiteTeamCountry "SLO"]
[BlackTeamCountry "SLO"]

1. e4 e5 2. Nf3 Nc6 3. Bc4 Bc5 4. 0-0 d6 5. d3 Nf6 6. h3 h6 7. Be3 Bb6 8. a3 0-0 9. Nc3 Ne7 10. Na4 Bxe3 11. fxe3 c6 12. Nc3 Ng6 13. Qe2 Re8 14. Qf2 Be6 15. Bxe6 Rxe6 16. Ne2 d5 17. exd5 Qxd5 18. Ng3 c5 19. Nd2 Rf8 20. b3 Qc6 21. Kh2 Qc7 22. Kh1 Qc6 23. a4 Qc7 24. Rae1 Ne7 25. Qe2 Ned5 26. Qf2 1/2-1/2

[Event "Nova Gorica op-A 17th"]
[Site "Nova Gorica"]
[Date "2012.01.29"]
[Round "4"]
[White "Milenkovic, Mladen"]
[Black "Znidarcic, Andrej"]
[Result "1-0"]
[WhiteElo "2396"]
[BlackElo "2167"]
[PlyCount "55"]
[EventDate "2012.01.27"]
[EventType "swiss"]
[EventRounds "9"]
[EventCountry "SLO"]
[SourceTitle "CBM 146 Extra"]
[Source "ChessBase"]
[SourceDate "2012.02.29"]
[SourceVersion "1"]
[SourceVersionDate "2012.02.29"]
[SourceQuality "1"]

1. e4 e5 2. Nc3 Nf6 3. Bc4 Be7 4. d3 0-0 5. f4 d6 6. Nf3 exf4 7. Bxf4 Be6 8. Qe2 Nc6 9. Bb3 Bxb3 10. axb3 a6 11. d4 h6 12. g4 Qd7 13. Rg1 g5 14. Bd2 Rae8 15. 0-0-0 d5 16. e5 Bd8 17. h4 Nh7 18. hxg5 Nxg5 19. Rh1 Kg7 20. Nh4 Nxd4 21. Qf2 c5 22. Be3 Rh8 23. Bxd4 cxd4 24. Nf5+ Kf8 25. Qxd4 Qe6 26. Nxd5 Kg8 27. Nf4 Qc8 28. Nd6 1-0

[Event "SLO-chT2 West"]
[Site "Slovenia"]
[Date "2010.11.06"]
[Round "3.1"]
[White "Znidarcic, Andrej"]
[Black "Biti, Ozren"]
[Result "0-1"]
[WhiteElo "2190"]
[BlackElo "2370"]
[PlyCount "78"]
[EventDate "2010.11.05"]
[EventType "team-tourn"]
[EventRounds "9"]
[EventCountry "SLO"]
[SourceTitle "EXT 2022"]
[Source "ChessBase"]
[SourceDate "2021.10.06"]
[SourceVersion "1"]
[SourceVersionDate "2021.10.06"]
[SourceQuality "1"]

1. e4 d6 2. d4 Nf6 3. Nc3 e5 4. dxe5 dxe5 5. Qxd8+ Kxd8 6. Bc4 Ke8 7. Bg5 c6 8. 0-0-0 Nbd7 9. f3 Be7 10. a4 a6 11. h4 b5 12. Bd3 Nc5 13. b3 bxa4 14. Nxa4 Nxa4 15. bxa4 Be6 16. Ne2 Bc5 17. Kd2 Nd7 18. Be3 a5 19. Rb1 Kd8 20. Bxc5 Nxc5 21. Nc3 Kc7 22. Rb2 Rab8 23. Rhb1 Rxb2 24. Rxb2 Rd8 25. Ke3 Rd4 26. f4 f6 27. fxe5 fxe5 28. Rb1 Rb4 29. Ra1 Kd6 30. g3 Ke7 31. Kd2 Rd4 32. Ke3 Bb3 33. Ra3 Bf7 34. Ra1 Be6 35. Be2 Bc4 36. Bf3 Ba6 37. Bg2 Rb4 38. Bf3 Rb2 39. Kd2 Nb3+ 0-1

[Event "SLO-chT2 West"]
[Site "Kranj"]
[Date "2008.10.17"]
[Round "5.1"]
[White "Vukic, Milan"]
[Black "Znidarcic, Andrej"]
[Result "1-0"]
[WhiteElo "2454"]
[BlackElo "2195"]
[PlyCount "89"]
[EventDate "2008.10.11"]
[EventType "team-swiss"]
[EventRounds "9"]
[EventCountry "SLO"]
[SourceTitle "EXT 2010"]
[Source "ChessBase"]
[SourceDate "2010.11.25"]
[SourceVersion "1"]
[SourceVersionDate "2010.11.25"]
[SourceQuality "1"]
[WhiteTeam "Podpec"]
[BlackTeam "Piran"]
[WhiteTeamCountry "SLO"]
[BlackTeamCountry "SLO"]

1. Nf3 d5 2. g3 Nf6 3. Bg2 g6 4. b3 Bg7 5. Bb2 0-0 6. c4 c6 7. 0-0 Re8 8. Qc2 Bf5 9. d3 Qc8 10. Re1 Bg4 11. Nbd2 Nbd7 12. d4 Bf5 13. Qc1 Ne4 14. Nh4 Ndf6 15. Nxf5 Qxf5 16. f3 Bh6 17. e3 Nxd2 18. Qxd2 Qd7 19. Qc2 Rac8 20. c5 Bg7 21. Rad1 Rcd8 22. b4 Qc7 23. e4 dxe4 24. fxe4 e6 25. Rf1 Ng4 26. Qb3 h5 27. e5 Rd7 28. Qf3 a6 29. Rde1 Nh6 30. Re4 Nf5 31. h3 Red8 32. Qf2 Rf8 33. g4 hxg4 34. hxg4 Ne7 35. Rf4 Nd5 36. Bxd5 exd5 37. Qh4 Re8 38. g5 Re6 39. Kg2 b6 40. Bc3 bxc5 41. bxc5 Qb7 42. Qh3 Qc8 43. Rf6 Rb7 44. Rh1 Kf8 45. Qh8+ 1-0

[Event "SLO-chT2 West"]
[Site "Kranj"]
[Date "2008.10.11"]
[Round "1.1"]
[White "Golja, Milan"]
[Black "Znidarcic, Andrej"]
[Result "0-1"]
[WhiteElo "1948"]
[BlackElo "2195"]
[PlyCount "70"]
[EventDate "2008.10.11"]
[EventType "team-swiss"]
[EventRounds "9"]
[EventCountry "SLO"]
[SourceTitle "EXT 2010"]
[Source "ChessBase"]
[SourceDate "2010.11.25"]
[SourceVersion "1"]
[SourceVersionDate "2010.11.25"]
[SourceQuality "1"]
[WhiteTeam "Kranj Tomo Zupan"]
[BlackTeam "Piran"]
[WhiteTeamCountry "SLO"]
[BlackTeamCountry "SLO"]

1. e4 e6 2. d4 d5 3. e5 c5 4. c3 Nc6 5. Nf3 Qb6 6. dxc5 Bxc5 7. Qc2 f6 8. b4 Be7 9. Bf4 fxe5 10. Nxe5 Nf6 11. Bd3 d4 12. a3 dxc3 13. Nxc3 0-0 14. Nxc6 Qxc6 15. 0-0 Bd7 16. Bb5 Qc8 17. Bxd7 Qxd7 18. Qb3 Nd5 19. Nxd5 Qxd5 20. Qxd5 exd5 21. Be3 a5 22. b5 Rac8 23. Rfd1 Bf6 24. Rab1 Be7 25. Rxd5 Bxa3 26. g3 Rcd8 27. Rxd8 Rxd8 28. Bb6 Ra8 29. Rd1 Be7 30. Rd7 Bf6 31. Rxb7 a4 32. Bc5 a3 33. Bxa3 Rxa3 34. b6 Rb3 35. Rb8+ Kf7 0-1

[Event "Trieste op 10th"]
[Site "Trieste"]
[Date "2008.09.02"]
[Round "4"]
[White "Znidarcic, Andrej"]
[Black "Capaliku, Aleks"]
[Result "1-0"]
[WhiteElo "2218"]
[BlackElo "2114"]
[PlyCount "39"]
[EventDate "2008.08.31"]
[EventType "swiss"]
[EventRounds "9"]
[EventCountry "ITA"]
[SourceTitle "CBM 126 Extra"]
[Source "ChessBase"]
[SourceDate "2008.11.05"]
[SourceVersion "1"]
[SourceVersionDate "2008.11.05"]
[SourceQuality "1"]

1. e4 e5 2. Bc4 Nc6 3. Nf3 Bc5 4. 0-0 Nf6 5. d3 d6 6. h3 0-0 7. a3 Be6 8. Qe2 h6 9. Nc3 Ne7 10. Be3 Bb6 11. Rad1 Qd7 12. d4 exd4 13. Nxd4 Ng6 14. Nxe6 fxe6 15. Bxb6 axb6 16. f4 Qe7 17. f5 d5 18. exd5 exd5 19. Nxd5 Qxe2 20. Nxf6+ 1-0

[Event "Trieste op 10th"]
[Site "Trieste"]
[Date "2008.08.31"]
[Round "1"]
[White "Erdos, Viktor"]
[Black "Znidarcic, Andrej"]
[Result "1-0"]
[WhiteElo "2576"]
[BlackElo "2218"]
[PlyCount "51"]
[EventDate "2008.08.31"]
[EventType "swiss"]
[EventRounds "9"]
[EventCountry "ITA"]
[SourceTitle "CBM 126 Extra"]
[Source "ChessBase"]
[SourceDate "2008.11.05"]
[SourceVersion "1"]
[SourceVersionDate "2008.11.05"]
[SourceQuality "1"]

1. d4 d5 2. c4 e6 3. Nc3 Nf6 4. cxd5 exd5 5. Bg5 c6 6. e3 Bd6 7. Bd3 0-0 8. Qc2 h6 9. Bh4 Re8 10. Nge2 Be6 11. h3 Nbd7 12. 0-0 a6 13. Rad1 Nf8 14. Na4 g5 15. Bg3 Nh5 16. Bxd6 Qxd6 17. Nc5 Bc8 18. e4 Ne6 19. e5 Qe7 20. Nxe6 Bxe6 21. f4 gxf4 22. Nxf4 Nxf4 23. Rxf4 Qg5 24. Rdf1 Kh8 25. h4 Qg3 26. Qd2 1-0

[Event "SLO-chT1 West"]
[Site "Otocec"]
[Date "2006.11.25"]
[Round "7"]
[White "Znidarcic, Andrej"]
[Black "Raspor, Gregor"]
[Result "1-0"]
[WhiteElo "2193"]
[BlackElo "2155"]
[PlyCount "93"]
[EventDate "2006.11.16"]
[EventType "team"]
[EventRounds "9"]
[EventCountry "SLO"]
[SourceTitle "EXT 2008"]
[Source "ChessBase"]
[SourceDate "2007.11.25"]
[SourceVersion "1"]
[SourceVersionDate "2007.11.25"]
[SourceQuality "1"]

1. d4 Nf6 2. c4 e6 3. Nc3 Bb4 4. e3 b6 5. Bd2 Bb7 6. Nf3 0-0 7. Bd3 c5 8. dxc5 bxc5 9. Ne2 Bxd2+ 10. Nxd2 Bxg2 11. Rg1 Bb7 12. Qb3 Bc6 13. 0-0-0 d6 14. Rg3 Nbd7 15. Rdg1 g6 16. Bb1 Qe7 17. Qc3 Rab8 18. f4 d5 19. h4 Rfd8 20. Rg5 Nf8 21. h5 Ne8 22. hxg6 fxg6 23. cxd5 Rxd5 24. e4 Rxg5 25. Rxg5 Nd7 26. Qe3 Qg7 27. e5 Nc7 28. Qg1 Kf7 29. Nc3 Nd5 30. Nce4 Bb7 31. Nd6+ Ke7 32. Qg3 Kd8 33. N2c4 Ba8 34. Be4 Kc7 35. f5 exf5 36. Bxd5 Bxd5 37. e6 Kd8 38. exd7 Rb4 39. a3 Rxc4+ 40. Nxc4 Qxd7 41. Qb8+ Ke7 42. Qe5+ Kf7 43. Ne3 Be4 44. Qxc5 Kg7 45. Qc3+ Kh6 46. Rg3 g5 47. Qf6+ 1-0

[Event "SLO-chT1 West"]
[Site "Otocec"]
[Date "2006.11.17"]
[Round "2"]
[White "Znidarcic, Andrej"]
[Black "Furlan, Miha"]
[Result "1/2-1/2"]
[WhiteElo "2193"]
[BlackElo "2347"]
[PlyCount "90"]
[EventDate "2006.11.16"]
[EventType "team"]
[EventRounds "9"]
[EventCountry "SLO"]
[SourceTitle "EXT 2008"]
[Source "ChessBase"]
[SourceDate "2007.11.25"]
[SourceVersion "1"]
[SourceVersionDate "2007.11.25"]
[SourceQuality "1"]

1. d4 Nf6 2. c4 e6 3. Nc3 Bb4 4. Nf3 Bxc3+ 5. bxc3 b6 6. e3 Bb7 7. Bd3 Ne4 8. 0-0 f5 9. Nd2 Nxd2 10. Qxd2 0-0 11. f3 d6 12. Ba3 Qg5 13. Qe2 Nd7 14. Rae1 Qg6 15. e4 fxe4 16. fxe4 e5 17. Bc1 Rxf1+ 18. Rxf1 Re8 19. Re1 Nf6 20. dxe5 dxe5 21. c5 h6 22. Ba3 Nh5 23. Bc1 Kh7 24. Rf1 Nf6 25. Rf5 Bc8 26. Rf1 Rd8 27. Bc2 Bb7 28. Re1 Bxe4 29. Bxe4 Nxe4 30. cxb6 cxb6 31. Bxh6 Nc5 32. Be3 Nd3 33. Rf1 e4 34. Bd4 Rd5 35. g4 b5 36. a3 a6 37. h3 Kg8 38. Qe3 a5 39. Qg3 Qd6 40. Qe3 Qe6 41. Qg3 Ne5 42. Qe3 Nc6 43. Rf4 Nxd4 44. cxd4 Rd8 45. Rxe4 Qc4 1/2-1/2

[Event "Trieste op 08th"]
[Site "Trieste"]
[Date "2006.09.09"]
[Round "9"]
[White "Znidarcic, Andrej"]
[Black "Van der Plas, Rob"]
[Result "1/2-1/2"]
[WhiteElo "2193"]
[BlackElo "2198"]
[PlyCount "21"]
[EventDate "2006.09.02"]
[EventType "swiss"]
[EventRounds "9"]
[EventCountry "ITA"]
[SourceTitle "CBM 114 Extra"]
[Source "ChessBase"]
[SourceDate "2006.11.03"]
[SourceVersion "1"]
[SourceVersionDate "2006.11.03"]
[SourceQuality "1"]

1. d4 e6 2. c4 d5 3. Nc3 Nf6 4. Bg5 c6 5. e3 h6 6. Bh4 Nbd7 7. Nf3 Be7 8. Bd3 dxc4 9. Bxc4 b5 10. Bd3 Bb7 11. Rc1 1/2-1/2

[Event "Trieste op 08th"]
[Site "Trieste"]
[Date "2006.09.08"]
[Round "8"]
[White "Stocek, Jiri"]
[Black "Znidarcic, Andrej"]
[Result "1-0"]
[WhiteElo "2561"]
[BlackElo "2193"]
[PlyCount "61"]
[EventDate "2006.09.02"]
[EventType "swiss"]
[EventRounds "9"]
[EventCountry "ITA"]
[SourceTitle "CBM 114 Extra"]
[Source "ChessBase"]
[SourceDate "2006.11.03"]
[SourceVersion "1"]
[SourceVersionDate "2006.11.03"]
[SourceQuality "1"]

1. Nf3 d5 2. d4 Nf6 3. c4 e6 4. Nc3 c6 5. Bg5 Nbd7 6. cxd5 exd5 7. e3 Bd6 8. Bd3 h6 9. Bh4 Qa5 10. Qc2 b5 11. 0-0 Bb7 12. a3 0-0 13. Rac1 Rfe8 14. Rfe1 g5 15. Bg3 Bxg3 16. hxg3 Re7 17. Bf5 Kg7 18. Ra1 Qb6 19. b4 a5 20. bxa5 Rxa5 21. Qb2 Ra8 22. Qb4 Ree8 23. a4 Ba6 24. Rab1 Reb8 25. Rec1 bxa4 26. Qxa4 Qc7 27. Rxb8 Nxb8 28. Ne5 Bb7 29. Qb3 Bc8 30. Bxc8 Qxc8 31. Nxd5 1-0